000 00336nam a2200169Ia 4500
100 _aREGO/A.G.
650 _aPHILOPSOPHY
942 _cBK
366 _f25
654 _aESSAYS
245 _aESSAYS
260 _bBETTER YOURSELF BOOK
_aBandra
_c2005
082 _a170/REG
_bREG
300 _a142
546 _aENGLISH
999 _c27456
_d27456